Countries of Europe with 5 Unrecognized Countries (Part 4) - Statistics

General Stats
  • This quiz has been taken 98 times
  • The average score is 8 of 10
Answer Stats
Picture Answer % Correct
Switzerland
99%
United Kingdom
99%
Turkey
97%
Vatican City
97%
Ukraine
96%
Faroe Islands
76%
Isle of Man
76%
Jersey
66%
Gibraltar
65%
Guernsey
61%
No matching quizzes found
Score Distribution
Percent of People with Each Score
Percentile by Number Answered
Your Score History
You have not taken this quiz